• 首页
  • 本馆介绍
  • 公告通知
  • 最新文献
  • 馆藏检索
  • 电子资源
  • 读者导购
  • 参考咨询
  • 我的图书馆
  • 登录
  • 详细信息显示
  • 放入我的书架
  • 预约/预借图书
  • 作者相关作品
  • 分类相关作品
  • 丛书相关作品
  • 出版社相关作品

书目信息

  • 表格格式
  • 工作单格式
  • 卡片格式
题名:
婴幼儿营养食谱
    
 
作者: 蔡东联 , 闵军霞 主编
分册:  
出版信息: 上海   上海科学技术出版社  2003.01
页数: 14,212页
开本: 21cm
丛书名: 婴幼儿养与教系列
单 册:
中图分类: TS972.162
科图分类:
主题词: 婴幼儿--儿童营养--食谱
电子资源:
ISBN: 7-5323-6739-8
000 00932nam0 2200265 450
001 ZWTS00000136
005 20060829092005.61
010    @a7-5323-6739-8@dCNY16.00
100    @a20030226d2003 em y0chiy0110 ea
101 0  @achi
102    @aCN@b310000
105    @aa z 000yy
200 1  @a婴幼儿营养食谱@Aying you er ying yang shi pu@f蔡东联,闵军霞主编@Fcai dong lian,min jun xia zhu bian
210    @a上海@c上海科学技术出版社@d2003.01
215    @a14,212页@c图@d21cm
225 2  @a婴幼儿养与教系列
330    @a本书根据婴幼儿生长发育的特点,按婴儿早期、后期,幼儿早期、中期和学龄前期五部分,详尽介绍了435种婴幼儿营养食谱的原料配比、制作方法和特点。
410  0 @12001 @a婴幼儿养与教系列
606 0  @a婴幼儿@x儿童营养@x食谱
690    @aTS972.162@v4
701  0 @a蔡东联@Acai dong lian@4主编
701  0 @a闵军霞@Amin jun xia@4主编
801  0 @aCN@bBZT@c20060829
905    @aBZT@dTS972.162@e1
906    @dCNY16.00@n0@r1
    
    婴幼儿营养食谱/蔡东联,闵军霞主编.-上海:上海科学技术出版社,2003.01
    14,212页:图;21cm.-(婴幼儿养与教系列)
    
    
    ISBN 7-5323-6739-8:CNY16.00
    本书根据婴幼儿生长发育的特点,按婴儿早期、后期,幼儿早期、中期和学龄前期五部分,详尽介绍了435种婴幼儿营养食谱的原料配比、制作方法和特点。
●
相关链接 在五车中查询图书 在当当中查询图书 在豆瓣中查询图书


正题名:婴幼儿营养食谱     索取号:TS972.162/1         预约/预借

序号 登录号 条形码 馆藏地/架位号 状态 备注
1 451459   230065297   中心书库中库/ 中库024架A面5列5层34/ [索取号:TS972.162/1] 在馆    
2 451461   230065300   中心书库中库/ 中库024架A面5列5层35/ [索取号:TS972.162/1] 在馆    
3 451462   230065299   中心书库中库/ 中库024架A面5列5层32/ [索取号:TS972.162/1] 在馆    
4 451463   230065298   中心书库中库/ 中库024架A面5列5层33/ [索取号:TS972.162/1] 在馆    
山东省滨州职业学院图书馆 欢迎您!
大连网信软件有限公司© 版权所有